| 000 | 00923cam a2200277 a 4500 | ||
|---|---|---|---|
| 001 | 3260829 | ||
| 003 | NUST - PNEC | ||
| 005 | 20170116180814.0 | ||
| 008 | 810807s1981 nyua b 001 0 eng | ||
| 010 | _a 81013766 | ||
| 020 | _a030640768X | ||
| 040 |
_aDLC _cLIBRARY _dDLC |
||
| 050 | 0 | 0 |
_aQH212.S3 _bS29 |
| 082 | 0 | 0 | _a502.825 GOL |
| 100 |
_93549 _aGoldstein, Joseph I. |
||
| 245 | 0 | 0 |
_aScanning electron microscopy and X-ray microanalysis : a text for biologists, materials scientists, and geologists / _cJoseph I. Goldstein ... [et al.] |
| 260 |
_aNew York : _bPlenum Press, _cc1981. |
||
| 300 |
_axiii, 673 p. : _bill. ; _c24 cm. |
||
| 500 | _aIncludes index. | ||
| 504 | _aBibliography: p. 649-664. | ||
| 650 | 0 | _aScanning electron microscopy. | |
| 650 | 0 |
_aX-ray microanalysis. _xGeneral |
|
| 700 | 1 |
_aGoldstein, Joseph, _d1939- |
|
| 906 |
_a7 _bcbc _corignew _d1 _eocip _f19 _gy-gencatlg |
||
| 942 |
_2ddc _cBK |
||
| 999 |
_c63469 _d63469 |
||